LEADER 01180nam2-2200373---450 001 990002095360203316 005 20200430090514.0 010 $a88-7119-816-6 035 $a000209536 035 $aUSA01000209536 035 $a(ALEPH)000209536USA01 035 $a000209536 100 $a20041020d1995----km-y0itay0103----ba 101 0 $aita 102 $aIT 105 $a||||||||001yy 200 1 $a<> fiere del teatro$epercorsi del teatro forain del primo Settecento$econ una scelta di commedie rappresentate alle foires Saint-Germain e Saint-Laurent, 1711-1715$fRenzo Guardenti 210 $aRoma$cBulzoni$d1995 215 $a265 p.$d21 cm 225 2 $aBiblioteca teatrale$v85 410 0$1001000294844$12001$aBiblioteca teatrale$v, 85 606 0 $aTeatro francese 676 $a792.094436 700 1$aGUARDENTI,$bRenzo$0481851 801 0$aIT$bsalbc$gISBD 912 $a990002095360203316 951 $aXVII A. 1784$b1859 DLAS$cXVII A.$d00349540 951 $aXVII A. 1784a$b2064 DLAS$cXVII A.$d00349641 951 $aIV 2 GUA 2$b378 DBC$cIV 2 959 $aBK 969 $aCAS 969 $aDBC 996 $aFiere del teatro$91037511 997 $aUNISA LEADER 01071nam a22002531i 4500 001 991003037119707536 005 20030826174329.0 008 030925s1973 xxua||||||||||||||||eng 035 $ab12371543-39ule_inst 035 $aARCHE-041907$9ExL 040 $aBiblioteca Interfacoltà$bita$cA.t.i. Arché s.c.r.l. Pandora Sicilia s.r.l. 082 04$a972.07 100 1 $aMiller, Robert Ryal$0455453 245 10$aArms across the border :$bUnited States aid to Juarez during the french intervention in Mexico /$cRobert Ryal Miller 260 $aPhiladelphia :$bThe american philosophical society,$c1973 300 $a68 p. :$bill. ;$c30 cm 440 0$aTransactions of the American philosophical society.$nNew Series ;$v63/6 650 4$aMessico$xStoria 907 $a.b12371543$b02-04-14$c08-10-03 912 $a991003037119707536 945 $aLE002 Ann. 583/063,6$g1$i2002000104779$lle002$o-$pE0.00$q-$rl$s- $t0$u0$v0$w0$x0$y.i12776567$z08-10-03 996 $aArms across the border$9170182 997 $aUNISALENTO 998 $ale002$b08-10-03$cm$da $e-$feng$gxxu$h0$i1